Najväčšia kauza finančníctva SR so smutným koncom

Podielové fondy na Slovensku. Najzávažnejšie fakty súvisiace s odobratím licencie Prvej slovenskej investičnej spoločnosti, a.s. Bratislava (PSIS). Rozpustenie najväčšieho podielového fondu na Slovensku - Sporofondu, ktorý spravovala PSIS.

Guardado en:
Detalles Bibliográficos
Autor principal: Pintér, M.
Formato: Capítulo de libro
Lenguaje:eslovaco
Materias:
Etiquetas: Agregar Etiqueta
Sin Etiquetas, Sea el primero en etiquetar este registro!

MARC

LEADER 00000naa a2200000 4500
001 r018237
005 20221205101924.7
041 0 |a slo 
044 |a SK 
245 1 0 |a Najväčšia kauza finančníctva SR so smutným koncom  |c M. Pintér 
520 |a Podielové fondy na Slovensku. Najzávažnejšie fakty súvisiace s odobratím licencie Prvej slovenskej investičnej spoločnosti, a.s. Bratislava (PSIS). Rozpustenie najväčšieho podielového fondu na Slovensku - Sporofondu, ktorý spravovala PSIS. 
610 2 0 |a Slovensko 
610 2 0 |a 1991-1995 
610 2 0 |a fondy investičné 
610 2 0 |a fondy podielové 
610 2 0 |a Prvá slovenská investičná spoločnosť, a.s. Bratislava 
610 2 0 |a PSIS 
610 2 0 |a Sporofond 
100 1 |a Pintér, M.